000 00612nam a2200169 4500
001 144048
003 ES-MaACL
007 t|
008 070214q1920 xxk r ||||1| spa d
100 1 _aSimonds, Frank H.
_9106560
245 1 0 _aHistoria de la guerra del mundo /
_cFrank H. Simonds ; traducción de Carmen Torres Calderón de Pinillos y Miguel de Zárraga.
260 _aLondres ;
_aMadrid ;
_aBuenos Aires :
_bW. M. Jackson,
_c[1920?]
300 _a5 v. ;
_c26 x 18 cm.
700 1 _aTorres Calderón de Pinillos, Carmen.
_9110932
700 1 _aZárraga, Miguel de.
_9118083
852 _aES-MaACL
_jC-811-815
999 _c144048
_d144048